000 00723nam a22001457a 4500
999 _c527475
_d527475
008 240902b ||||| |||| 00| 0 eng d
100 _aBarik, Radhakanta
_957672
245 _aPublic health and education system in Odisha: A perspective
260 _aMadhya Pradesh Journal of Social Sciences
300 _a25(1), Jun, 2020: p.17-27
520 _aOdisha was a backward state in terms of human development indicators viz, health and education. In the last two decades development initiatives have changed the health and education scenario in Odisha, due to private investments in these sectors. – Reproduced
773 _aMadhya Pradesh Journal of Social Sciences
906 _aPUBLIC HEALTH
942 _cAR